Le papier (Record no. 90804)

MARC details
000 -LEADER
campo de control de longitud fija 00580nam a2200181 i 4500
001 - NÚMERO DE CONTROL
campo de control 90804
003 - IDENTIFICADOR DE NÚMERO DE CONTROL
campo de control ES-MaACL
005 - FECHA Y HORA DE LA ÚLTIMA TRANSACCIÓN
campo de control 20230906180551.0
007 - CAMPO FIJO DE DESCRIPCIÓN FÍSICA--INFORMACIÓN GENERAL
campo de control de longitud fija t|
008 - DATOS DE LONGITUD FIJA--INFORMACIÓN GENERAL
campo de control de longitud fija 050125s1926 fr ||||1| fre d
100 1# - ENTRADA PRINCIPAL--NOMBRE DE PERSONA
Nombre de persona Le Clert, Louis.
9 (RLIN) 70857
245 13 - MENCIÓN DEL TÍTULO
Título Le papier
Resto del título : recherches et notes pour servir a l'histoire du papier /
Mención de responsabilidad, etc. par Louis Le Clert ; avec préface par Henri Stein.
260 ## - PUBLICACIÓN, DISTRIBUCIÓN, ETC.
Lugar de publicación, distribución, etc. París :
Nombre del editor, distribuidor, etc. A l'Enseine du Pegaso,
Fecha de publicación, distribución, etc. 1926.
300 ## - DESCRIPCIÓN FÍSICA
Extensión 2 v. ;
Dimensiones 41 cm.
650 #4 - PUNTO DE ACCESO ADICIONAL DE MATERIA--TÉRMINO DE MATERIA
Término de materia o nombre geográfico como elemento de entrada Papel-
Subdivisión general Historia.
9 (RLIN) 136651
700 1# - ENTRADA AGREGADA--NOMBRE PERSONAL
Nombre de persona Stein, Henri.
9 (RLIN) 108031
852 ## - LOCALIZACIÓN
Ubicación ES-MaACL
Número de control de estantería B-8100-8101
Holdings
Estatus retirado Estado de pérdida Estado de daño No para préstamo Biblioteca de origen Biblioteca actual Ubicación en estantería Fecha de adquisición Fuente de adquisición Total de préstamos Signatura topográfica completa Código de barras Visto por última vez Precio de reemplazo Tipo de ítem Koha
        Biblioteca del Ateneo de Madrid Biblioteca del Ateneo de Madrid Sala Pardo Bazán 17/01/2008     B-8100-8101 1094809 23/02/2023 23/02/2023 Libro impreso